000 00369 a2200157 4500
001 61267
020 _a9783468498183
040 _cAnchieta - Pituba
100 _aRaths, Angelika
240 1 0 _aEin bisschen panik
_lpor
245 1 0 _aEin bisschen panik
300 _a80
362 0 _a2000
650 4 _aLínguas germânicas (teutônicas) língua alemã
942 _cBK
999 _c61267
_d61267